Les jeux vidéos les plus joués de 2025 - Statistiques

Statistiques générales
  • Ce quiz a été pris 169 fois
  • Le résultat moyen est 6 sur 20
Statistiques - réponses
Hint Réponse % Correct
3 Fortnite
90%
17 Rocket League
72%
2 Minecraft
67%
4 ROBLOX
63%
8 Valorant
61%
13 EG Sports / EA Sports FC 25
50%
9 Call of Duty (Warzone / Black Ops 6
48%
6 League of Legends
42%
1 Counter-Strike 2
28%
7 Dota 2
10%
5 The Sims 4
10%
18 R.E.P.O
4%
11 Block Blast!
3%
19 Assassin’s Creed Shadows
2%
10 Free Fire
2%
14 Helldivers 2
2%
12 Monster Hunter Wilds
2%
16 Dead Island 2
1%
15 REMATCH (2025)
0%
20 Splitgate 2
0%
Aucun quiz correspondant
Distribution des résultats
% des personnes avec chaque résultat
Percentile par nombre de réponses
Votre historique - résultats
Vous n’avez pas pris ce quiz